[Event "ECF Charity Marathon UKR"]
[Site "Chess.com INT"]
[Date "2022.04.03"]
[Round "?"]
[White "Arkell, Keith C"]
[Black "Buckley, Colm"]
[Result "1/2-1/2"]
[WhiteElo "2383"]
[BlackElo "1905"]
[PlyCount "108"]
[EventDate "2022.04.02"]
[EventType "swiss (blitz)"]
[EventRounds "74"]
[EventCountry "USA"]
[SourceTitle "CBM 207 Extra"]
[Source "ChessBase"]
[SourceDate "2022.05.31"]
[SourceVersion "1"]
[SourceVersionDate "2022.05.31"]
[SourceQuality "1"]

1. d4 e6 2. Nf3 Nf6 3. c4 b6 4. g3 Bb7 5. Bg2 c5 6. 0-0 cxd4 7. Nxd4 Bxg2 8. Kxg2 Nc6 9. Nxc6 dxc6 10. Qxd8+ Rxd8 11. Nc3 Bb4 12. Bg5 Bxc3 13. bxc3 Ke7 14. a4 h6 15. Bxf6+ Kxf6 16. a5 Rd2 17. axb6 axb6 18. Kf3 Rc2 19. Ra3 b5 20. cxb5 cxb5 21. Rb1 Rc8 22. Rbb3 Rc5 23. g4 g5 24. e3 Kg6 25. Kg3 h5 26. h3 hxg4 27. hxg4 Rc1 28. Kf3 Rc2 29. Kg3 Rc1 30. Rb4 R1xc3 31. Ra8 Rc8 32. Ra5 R3c5 33. Rd4 b4 34. Ra7 R5c7 35. Rxc7 Rxc7 36. Rxb4 Rd7 37. Rb8 Kg7 38. Kf3 Ra7 39. Rb4 Ra5 40. Ke4 Kf6 41. f4 Rc5 42. Rb8 Rc4+ 43. Kf3 gxf4 44. exf4 Rc3+ 45. Ke4 Rc4+ 46. Ke3 Rc3+ 47. Kd4 Rf3 48. Ke4 Ra3 49. Rg8 Ra4+ 50. Kf3 Ra3+ 51. Kf2 Ra2+ 52. Kg3 Ra3+ 53. Kh4 Ra1 54. Kg3 Ra3+ 1/2-1/2

[Event "ECF Charity Marathon UKR"]
[Site "Chess.com INT"]
[Date "2022.04.03"]
[Round "?"]
[White "Buckley, Colm"]
[Black "Brett, Andrew"]
[Result "0-1"]
[WhiteElo "1905"]
[BlackElo "2085"]
[PlyCount "52"]
[EventDate "2022.04.02"]
[EventType "swiss (blitz)"]
[EventRounds "74"]
[EventCountry "USA"]
[SourceTitle "CBM 207 Extra"]
[Source "ChessBase"]
[SourceDate "2022.05.31"]
[SourceVersion "1"]
[SourceVersionDate "2022.05.31"]
[SourceQuality "1"]

1. d4 Nf6 2. c4 e6 3. Nc3 Bb4 4. Qc2 0-0 5. a3 Bxc3+ 6. Qxc3 d5 7. Bg5 c5 8. e3 cxd4 9. exd4 h6 10. Bh4 g5 11. Bg3 Ne4 12. Qc2 Nc6 13. Nf3 Nxg3 14. hxg3 Kg7 15. Be2 dxc4 16. Qxc4 g4 17. Ne5 Nxe5 18. dxe5 Qa5+ 19. b4 Qxe5 20. Qxg4+ Qg5 21. Qd4+ e5 22. Qb2 Rd8 23. 0-0 Rd2 24. Qc3 Rxe2 25. f4 Qf6 26. fxe5 Qxe5 0-1

[Event "ECF Charity Marathon UKR"]
[Site "Chess.com INT"]
[Date "2022.04.03"]
[Round "?"]
[White "Buckley, Colm"]
[Black "Shepley, Julien M"]
[Result "0-1"]
[WhiteElo "1905"]
[BlackElo "1889"]
[PlyCount "84"]
[EventDate "2022.04.02"]
[EventType "swiss (blitz)"]
[EventRounds "74"]
[EventCountry "USA"]
[SourceTitle "CBM 207 Extra"]
[Source "ChessBase"]
[SourceDate "2022.05.31"]
[SourceVersion "1"]
[SourceVersionDate "2022.05.31"]
[SourceQuality "1"]

1. d4 d5 2. c4 e6 3. Nc3 c5 4. cxd5 cxd4 5. Qxd4 Nc6 6. Qd1 exd5 7. e3 Nf6 8. Nf3 Bb4 9. a3 Qa5 10. Bd2 Be7 11. b4 Qc7 12. Be2 0-0 13. 0-0 Bg4 14. Rc1 a6 15. Na4 Rad8 16. Nc5 Bxc5 17. Rxc5 Qe7 18. h3 Be6 19. Rc1 Rfe8 20. Bc3 Ne4 21. Bd4 Nxd4 22. Nxd4 Rc8 23. Qb3 Nd2 24. Qb2 Nxf1 25. Bxf1 Rxc1 26. Qxc1 Rc8 27. Qd2 Qf6 28. Be2 Qg6 29. Bd3 Qg5 30. Kh2 h5 31. f4 Qf6 32. Qe2 h4 33. Qd2 g6 34. Nf3 Rc3 35. a4 Ra3 36. a5 Ra1 37. Ne5 g5 38. Qc3 Ra2 39. Bb1 Re2 40. Qd3 Rb2 41. Qh7+ Kf8 42. fxg5 Qxe5+ 0-1

[Event "ECF Charity Marathon UKR"]
[Site "Chess.com INT"]
[Date "2022.04.03"]
[Round "?"]
[White "Buckley, Colm"]
[Black "Vlassov, Nikolai"]
[Result "0-1"]
[WhiteElo "1905"]
[BlackElo "2294"]
[PlyCount "70"]
[EventDate "2022.04.02"]
[EventType "swiss (blitz)"]
[EventRounds "74"]
[EventCountry "USA"]
[SourceTitle "CBM 207 Extra"]
[Source "ChessBase"]
[SourceDate "2022.05.31"]
[SourceVersion "1"]
[SourceVersionDate "2022.05.31"]
[SourceQuality "1"]

1. d4 Nf6 2. c4 Nc6 3. Nc3 e5 4. dxe5 Nxe5 5. e3 Bc5 6. Nf3 Qe7 7. Nxe5 Qxe5 8. Be2 d6 9. 0-0 h5 10. Nd5 Nxd5 11. Qxd5 Qxd5 12. cxd5 Bf5 13. a3 h4 14. b4 Bb6 15. Bb2 f6 16. a4 a5 17. Bb5+ Kf7 18. Bc3 Rhc8 19. Rac1 Be4 20. Rfd1 c6 21. bxa5 cxb5 22. axb6 bxa4 23. Bb4 Rxc1 24. Rxc1 Bxd5 25. Bxd6 a3 26. f3 a2 27. Ra1 Ra5 28. Bb4 Rb5 29. Bc3 Rxb6 30. Kf2 Rb1 31. e4 Be6 32. f4 b5 33. f5 Bc4 34. Ke3 b4 35. Bd4 b3 0-1

[Event "ECF Charity Marathon UKR"]
[Site "Chess.com INT"]
[Date "2022.04.03"]
[Round "?"]
[White "Buckley, Colm"]
[Black "Waddingham, Graham A"]
[Result "0-1"]
[WhiteElo "1905"]
[BlackElo "2345"]
[PlyCount "84"]
[EventDate "2022.04.02"]
[EventType "swiss (blitz)"]
[EventRounds "74"]
[EventCountry "USA"]
[SourceTitle "CBM 207 Extra"]
[Source "ChessBase"]
[SourceDate "2022.05.31"]
[SourceVersion "1"]
[SourceVersionDate "2022.05.31"]
[SourceQuality "1"]

1. d4 d5 2. c4 e6 3. Nc3 Nf6 4. Nf3 Be7 5. Bf4 0-0 6. e3 b6 7. cxd5 Nxd5 8. Bg3 Bb7 9. Be2 c5 10. Nxd5 Qxd5 11. 0-0 Rd8 12. dxc5 Qxc5 13. Qc1 Nc6 14. Qxc5 Bxc5 15. Rfd1 f6 16. a3 e5 17. Bc4+ Kf8 18. b4 Be7 19. Nd2 Rac8 20. Be6 Ra8 21. Nb3 Rd6 22. Rxd6 Bxd6 23. Rc1 Ke7 24. Bf5 h6 25. f4 Rd8 26. fxe5 Nxe5 27. Nd4 Bb8 28. Bxe5 Bxe5 29. Nc6+ Bxc6 30. Rxc6 Rd1+ 31. Kf2 Rd2+ 32. Kf3 Ra2 33. h3 Rxa3 34. Rc4 Rb3 35. g4 Bd6 36. Re4+ Be5 37. Rc4 Kd6 38. Be4 Kd7 39. b5 Bd6 40. Bc6+ Ke7 41. h4 Bc5 42. Re4+ Kd6 0-1

[Event "ECF Charity Marathon UKR"]
[Site "Chess.com INT"]
[Date "2022.04.02"]
[Round "?"]
[White "Buckley, Colm"]
[Black "Shearsby, Jude"]
[Result "0-1"]
[WhiteElo "1905"]
[BlackElo "1814"]
[PlyCount "46"]
[EventDate "2022.04.02"]
[EventType "swiss (blitz)"]
[EventRounds "74"]
[EventCountry "USA"]
[SourceTitle "CBM 207 Extra"]
[Source "ChessBase"]
[SourceDate "2022.05.31"]
[SourceVersion "1"]
[SourceVersionDate "2022.05.31"]
[SourceQuality "1"]

1. d4 Nf6 2. c4 g6 3. Nc3 Bg7 4. e4 d6 5. Be2 0-0 6. Nf3 e5 7. 0-0 Nc6 8. d5 Ne7 9. Bg5 Nd7 10. b4 h6 11. Be3 f5 12. Rc1 f4 13. Bd2 g5 14. Bd3 Ng6 15. c5 g4 16. Ne1 Qh4 17. g3 Qh5 18. gxf4 exf4 19. cxd6 cxd6 20. Ne2 Nde5 21. Rc7 Nh4 22. Bxf4 Nhf3+ 23. Nxf3 Nxf3+ 0-1

[Event "ECF Charity Marathon UKR"]
[Site "Chess.com INT"]
[Date "2022.04.02"]
[Round "?"]
[White "Buckley, Colm"]
[Black "Shepley, Julien M"]
[Result "0-1"]
[WhiteElo "1905"]
[BlackElo "1889"]
[PlyCount "76"]
[EventDate "2022.04.02"]
[EventType "swiss (blitz)"]
[EventRounds "74"]
[EventCountry "USA"]
[SourceTitle "CBM 207 Extra"]
[Source "ChessBase"]
[SourceDate "2022.05.31"]
[SourceVersion "1"]
[SourceVersionDate "2022.05.31"]
[SourceQuality "1"]

1. d4 d5 2. c4 e6 3. Nc3 c5 4. cxd5 cxd4 5. Qxd4 Nc6 6. Qd1 exd5 7. e3 Nf6 8. Nf3 Bc5 9. Be2 0-0 10. 0-0 Be6 11. Nb5 Qe7 12. b3 Rfd8 13. Bb2 Rac8 14. Nbd4 Bd6 15. Rc1 Bb8 16. Bb5 Nxd4 17. Bxd4 a6 18. Bd3 Bg4 19. h3 Bh5 20. Be2 Bxf3 21. Bxf3 Qd6 22. g3 Qe6 23. Kh2 Ne4 24. Rxc8 Rxc8 25. Bg4 f5 26. Bf3 g5 27. Qe2 Qh6 28. Bxe4 dxe4 29. Qd2 g4 30. h4 Qxh4+ 31. Kg1 Qh3 32. Be5 Bxe5 33. Qd5+ Kf8 34. Qxe5 Qh5 35. Rd1 Re8 36. Qh8+ Ke7 37. Qe5+ Kf8 38. Rd6 Rxe5 0-1

[Event "ECF Charity Marathon UKR"]
[Site "Chess.com INT"]
[Date "2022.04.02"]
[Round "?"]
[White "Shepley, Julien M"]
[Black "Buckley, Colm"]
[Result "1-0"]
[WhiteElo "1889"]
[BlackElo "1905"]
[PlyCount "47"]
[EventDate "2022.04.02"]
[EventType "swiss (blitz)"]
[EventRounds "74"]
[EventCountry "USA"]
[SourceTitle "CBM 207 Extra"]
[Source "ChessBase"]
[SourceDate "2022.05.31"]
[SourceVersion "1"]
[SourceVersionDate "2022.05.31"]
[SourceQuality "1"]

1. e4 e6 2. d4 d5 3. e5 c5 4. c3 Nc6 5. Nf3 Nge7 6. Be2 a6 7. 0-0 Bd7 8. Re1 cxd4 9. cxd4 Qb6 10. Nc3 Nf5 11. Na4 Qc7 12. Bf4 b5 13. Nc5 Bxc5 14. dxc5 0-0 15. Rc1 f6 16. Bd3 fxe5 17. Nxe5 Nxe5 18. Bxe5 Qb7 19. Qg4 Bc6 20. Qg5 Qe7 21. Qxe7 Nxe7 22. Bd6 Rf7 23. Rxe6 Bd7 24. Rxe7 1-0

[Event "Checkmate Covid Rematch"]
[Site "Chess.com INT"]
[Date "2021.06.06"]
[Round "?"]
[White "Buckley, Colm"]
[Black "Royal, Shreyas"]
[Result "0-1"]
[WhiteElo "1920"]
[BlackElo "2121"]
[PlyCount "102"]
[EventDate "2021.06.05"]
[EventType "swiss (blitz)"]
[EventRounds "20"]
[EventCountry "ENG"]
[SourceTitle "CBM 202 Extra"]
[Source "ChessBase"]
[SourceDate "2021.07.31"]
[SourceVersion "1"]
[SourceVersionDate "2021.07.31"]
[SourceQuality "1"]

1. d4 Nf6 2. c4 g6 3. Nc3 Bg7 4. e4 d6 5. Be2 0-0 6. Nf3 e5 7. 0-0 Nc6 8. dxe5 dxe5 9. Bg5 Qxd1 10. Rfxd1 h6 11. Be3 Ng4 12. Bc5 Re8 13. h3 Nf6 14. Nd5 Nxe4 15. Nxc7 Nxc5 16. Nxe8 e4 17. Ne1 Bf5 18. Nxg7 Kxg7 19. g4 Be6 20. Ng2 Ne5 21. b3 Ncd3 22. Bxd3 Nxd3 23. Ne1 Nf4 24. Kh2 h5 25. gxh5 gxh5 26. Rd4 Nxh3 27. Rxe4 Ng5 28. Re3 Bg4 29. f3 Bf5 30. Rd1 Kf6 31. Ng2 Rg8 32. Nh4 Be6 33. c5 Rc8 34. Rc3 Ke5 35. Kg3 Kf6 36. a3 Rg8 37. Kh2 Ke5 38. c6 bxc6 39. Re1+ Kf4 40. Rxc6 Nxf3+ 41. Nxf3 Kxf3 42. Rf1+ Ke2 43. Rf4 Ke3 44. Rh4 Bg4 45. Rc3+ Kd4 46. Rc7 f5 47. Rxa7 f4 48. b4 Rc8 49. Rf7 Rc2+ 50. Kg1 Ke3 51. b5 Kf3 0-1

[Event "Checkmate Covid Rematch"]
[Site "Chess.com INT"]
[Date "2021.06.06"]
[Round "?"]
[White "Buckley, Colm"]
[Black "Wiwatanadate, Poompong"]
[Result "0-1"]
[WhiteElo "1920"]
[BlackElo "2043"]
[PlyCount "96"]
[EventDate "2021.06.05"]
[EventType "swiss (blitz)"]
[EventRounds "20"]
[EventCountry "ENG"]
[SourceTitle "CBM 202 Extra"]
[Source "ChessBase"]
[SourceDate "2021.07.31"]
[SourceVersion "1"]
[SourceVersionDate "2021.07.31"]
[SourceQuality "1"]

1. d4 d5 2. c4 e6 3. Nc3 Nf6 4. Nf3 dxc4 5. Bg5 Be7 6. e3 a6 7. Bxc4 b5 8. Be2 Bb7 9. 0-0 0-0 10. Rc1 Nbd7 11. h3 Qb8 12. Qc2 Rc8 13. Bf4 Qa7 14. a3 c5 15. dxc5 Nxc5 16. Rfd1 Nce4 17. Qb3 Nxc3 18. Rxc3 Bd5 19. Qc2 Qb7 20. Rc1 Rxc3 21. Qxc3 h6 22. Qc7 Bf8 23. Qxb7 Bxb7 24. Rc7 Be4 25. Ne5 Bd6 26. Rc1 Nd5 27. g3 Nxf4 28. gxf4 Bb7 29. f3 Rc8 30. Rxc8+ Bxc8 31. Kf2 Bb7 32. Bd3 f6 33. Ng4 Kf7 34. Ke2 Bc6 35. Nf2 f5 36. Bc2 a5 37. Nd3 Be8 38. Ne5+ Ke7 39. e4 g6 40. exf5 exf5 41. Bd3 Kf6 42. Ke3 Bxe5 43. fxe5+ Kxe5 44. b4 f4+ 45. Kf2 a4 46. Be4 g5 47. Bb7 Kd4 48. Be4 Kc3 0-1

[Event "Checkmate Covid Rematch"]
[Site "Chess.com INT"]
[Date "2021.06.05"]
[Round "?"]
[White "Arkell, Keith C"]
[Black "Buckley, Colm"]
[Result "1-0"]
[WhiteElo "2381"]
[BlackElo "1920"]
[PlyCount "61"]
[EventDate "2021.06.05"]
[EventType "swiss (blitz)"]
[EventRounds "20"]
[EventCountry "ENG"]
[SourceTitle "CBM 202 Extra"]
[Source "ChessBase"]
[SourceDate "2021.07.31"]
[SourceVersion "1"]
[SourceVersionDate "2021.07.31"]
[SourceQuality "1"]

1. d4 e6 2. Nf3 Nf6 3. Bg5 c5 4. d5 d6 5. Nc3 Be7 6. e4 h6 7. Bb5+ Bd7 8. Bxf6 gxf6 9. Bxd7+ Nxd7 10. 0-0 Qb6 11. Rb1 Rg8 12. g3 Ne5 13. Nxe5 fxe5 14. Qh5 Bg5 15. dxe6 0-0-0 16. Nd5 Qc6 17. exf7 Rgf8 18. b4 cxb4 19. Rxb4 Rd7 20. h4 Rdxf7 21. hxg5 hxg5 22. Qxg5 Kb8 23. Qe3 Qxc2 24. Kg2 Qxa2 25. g4 Rf4 26. Kg3 a5 27. Rbb1 Qc4 28. f3 Rh8 29. Rxb7+ Kxb7 30. Rb1+ Ka8 31. Nb6+ 1-0

[Event "BCF-chT3N 1920 (4NCL)"]
[Site "England"]
[Date "2020.01.12"]
[Round "4.36"]
[White "Ye, Kevin"]
[Black "Buckley, Colm"]
[Result "1/2-1/2"]
[WhiteElo "1997"]
[BlackElo "1915"]
[PlyCount "51"]
[EventDate "2019.11.09"]
[EventType "team-swiss"]
[EventRounds "11"]
[EventCountry "ENG"]
[SourceTitle "EXT 2022"]
[Source "ChessBase"]
[SourceDate "2021.10.06"]
[SourceVersion "1"]
[SourceVersionDate "2021.10.06"]
[SourceQuality "1"]
[WhiteTeam "3C's II"]
[BlackTeam "Spirit of Atticus II"]
[WhiteTeamCountry "ENG"]
[BlackTeamCountry "ENG"]

1. e4 e6 2. d4 d5 3. exd5 exd5 4. c4 Nf6 5. Nc3 Be7 6. Nf3 0-0 7. Bd3 dxc4 8. Bxc4 c6 9. 0-0 Bg4 10. Re1 Nbd7 11. Bg5 Nb6 12. Bd3 h6 13. Bh4 Nbd5 14. h3 Be6 15. Ne5 Nf4 16. Bc2 Nd7 17. Nxd7 Qxd7 18. Bxe7 Qxe7 19. Qf3 Qc7 20. Re5 Ng6 21. Qd3 Rfe8 22. Rae1 Bd7 23. Rxe8+ Rxe8 24. Rxe8+ Bxe8 25. Qe2 Qe7 26. Qxe7 1/2-1/2

[Event "BCF-chT3N 1920 (4NCL)"]
[Site "England"]
[Date "2020.01.11"]
[Round "3.66"]
[White "Buckley, Colm"]
[Black "Gissi, Alberto"]
[Result "1-0"]
[WhiteElo "1915"]
[BlackElo "1592"]
[PlyCount "89"]
[EventDate "2019.11.09"]
[EventType "team-swiss"]
[EventRounds "11"]
[EventCountry "ENG"]
[SourceTitle "EXT 2022"]
[Source "ChessBase"]
[SourceDate "2021.10.06"]
[SourceVersion "1"]
[SourceVersionDate "2021.10.06"]
[SourceQuality "1"]
[WhiteTeam "Spirit of Atticus II"]
[BlackTeam "J'Adoube II"]
[WhiteTeamCountry "ENG"]
[BlackTeamCountry "ENG"]

1. d4 d5 2. c4 e6 3. Nc3 Nf6 4. Nf3 Be7 5. Bf4 a6 6. e3 c5 7. dxc5 Bxc5 8. Be2 Nc6 9. 0-0 0-0 10. Rc1 dxc4 11. Bxc4 b5 12. Nxb5 Bb6 13. Nbd4 Nxd4 14. Nxd4 Nd5 15. Nc6 Qd7 16. Bxd5 exd5 17. Qxd5 Kh8 18. Qxd7 Bxd7 19. Rfd1 Be6 20. b3 h6 21. h3 Rfe8 22. Nd4 Bc8 23. b4 Bb7 24. Nf5 Red8 25. Nd6 Rd7 26. Nxb7 Rxb7 27. a4 Bd8 28. Bd6 Kg8 29. Rc6 Rd7 30. Rdc1 Kh7 31. e4 Raa7 32. e5 g6 33. g3 h5 34. Kg2 Kh6 35. f4 Kg7 36. Kf3 Ra8 37. g4 Kh7 38. f5 gxf5 39. gxf5 h4 40. f6 Rb7 41. R1c4 Bb6 42. a5 Bd8 43. Rxh4+ Kg6 44. Kf4 Bxa5 45. Rg4+ 1-0

[Event "BCF-chT3N 1718 (4NCL)"]
[Site "England"]
[Date "2018.02.11"]
[Round "6.23"]
[White "Buckley, Colm"]
[Black "Adams, Philip"]
[Result "1/2-1/2"]
[WhiteElo "1944"]
[BlackElo "2004"]
[PlyCount "50"]
[EventDate "2017.11.11"]
[EventType "team-swiss"]
[EventRounds "11"]
[EventCountry "ENG"]
[SourceTitle "EXT 2020"]
[Source "ChessBase"]
[SourceDate "2019.10.17"]
[SourceVersion "1"]
[SourceVersionDate "2019.10.17"]
[SourceQuality "1"]
[WhiteTeam "Spirit of Atticus II"]
[BlackTeam "3CS Oldham II"]
[WhiteTeamCountry "ENG"]
[BlackTeamCountry "ENG"]

1. d4 Nf6 2. c4 e6 3. Nf3 c5 4. Nc3 cxd4 5. Nxd4 a6 6. e3 Qc7 7. Be2 Be7 8. 0-0 0-0 9. b3 d5 10. Bb2 dxc4 11. bxc4 Rd8 12. Qc2 Bd7 13. Rac1 Nc6 14. Rfd1 Rac8 15. Nb3 Ne5 16. Ne4 Nxe4 17. Qxe4 Bf6 18. c5 Nf3+ 19. Bxf3 Bxb2 20. Rc2 Bc6 21. Rxd8+ Rxd8 22. Qc4 Be5 23. h3 Bxf3 24. gxf3 Rd1+ 25. Kg2 g6 1/2-1/2